<?xml version="1.0" encoding="UTF-8"?><?xml-stylesheet type="text/xsl" href="static/style.xsl"?><OAI-PMH xmlns="http://www.openarchives.org/OAI/2.0/" xmlns:xsi="http://www.w3.org/2001/XMLSchema-instance" xsi:schemaLocation="http://www.openarchives.org/OAI/2.0/ http://www.openarchives.org/OAI/2.0/OAI-PMH.xsd"><responseDate>2026-04-27T20:18:14Z</responseDate><request verb="GetRecord" identifier="oai:uvadoc.uva.es:10324/45985" metadataPrefix="marc">https://uvadoc.uva.es/oai/request</request><GetRecord><record><header><identifier>oai:uvadoc.uva.es:10324/45985</identifier><datestamp>2021-06-23T11:11:06Z</datestamp><setSpec>com_10324_1163</setSpec><setSpec>com_10324_931</setSpec><setSpec>com_10324_894</setSpec><setSpec>col_10324_1327</setSpec></header><metadata><record xmlns="http://www.loc.gov/MARC21/slim" xmlns:doc="http://www.lyncode.com/xoai" xmlns:xsi="http://www.w3.org/2001/XMLSchema-instance" xmlns:dcterms="http://purl.org/dc/terms/" xsi:schemaLocation="http://www.loc.gov/MARC21/slim http://www.loc.gov/standards/marcxml/schema/MARC21slim.xsd">
<leader>00925njm 22002777a 4500</leader>
<datafield tag="042" ind1=" " ind2=" ">
<subfield code="a">dc</subfield>
</datafield>
<datafield tag="720" ind1=" " ind2=" ">
<subfield code="a">Redondo Cantera, María José</subfield>
<subfield code="e">author</subfield>
</datafield>
<datafield tag="260" ind1=" " ind2=" ">
<subfield code="c">2014</subfield>
</datafield>
<datafield tag="520" ind1=" " ind2=" ">
<subfield code="a">Se plantea la persistencia de las torres como elemento identitario del palacio urbano en el comienzo de la Edad Moderna, a partir de ciertos ejemplos pertenecientes a la élite en la ciudad de Valladolid.</subfield>
</datafield>
<datafield tag="024" ind2=" " ind1="8">
<subfield code="a">Diéguez Patao, Sofía. Los lugares del arte: Identidad y representación. Barcelona: Laertes, 2014, p. 79-104</subfield>
</datafield>
<datafield tag="024" ind2=" " ind1="8">
<subfield code="a">978-84-7584-965-2</subfield>
</datafield>
<datafield tag="024" ind2=" " ind1="8">
<subfield code="a">http://uvadoc.uva.es/handle/10324/45985</subfield>
</datafield>
<datafield tag="024" ind2=" " ind1="8">
<subfield code="a">79</subfield>
</datafield>
<datafield tag="024" ind2=" " ind1="8">
<subfield code="a">104</subfield>
</datafield>
<datafield tag="024" ind2=" " ind1="8">
<subfield code="a">La torre en la imagen del palacio urbano en la primera mitad del siglo XVI en la Corona de Castilla</subfield>
</datafield>
<datafield ind1=" " ind2=" " tag="653">
<subfield code="a">Historia del Arte</subfield>
</datafield>
<datafield tag="245" ind1="0" ind2="0">
<subfield code="a">La torre en la imagen del palacio urbano en la primera mitad del siglo XVI en la Corona de Castilla</subfield>
</datafield>
</record></metadata></record></GetRecord></OAI-PMH>